| 000 | 00479nam a22001817a 4500 | ||
|---|---|---|---|
| 999 |
_c532214 _d532214 |
||
| 003 | NUST | ||
| 005 | 20191113115905.0 | ||
| 008 | 191113b ||||| |||| 00| 0 eng d | ||
| 020 | _a0230429122 | ||
| 024 | _a978-0230429123 | ||
| 038 | _aMSOHAIL | ||
| 082 | _a0 | ||
| 100 |
_aHoward Campbell _925588 |
||
| 245 | _aElectronic Document Preparation & Management for CSEC Examinations | ||
| 260 |
_aAustralia _b Macmillan Caribbean _cc2012 |
||
| 300 | _ap;314 | ||
| 942 |
_2ddc _cBK |
||